LIBRARY & INFORMATION CENTRE, KCAET, TAVANUR

ONLINE PUBLIC ACCESS CATALOGUE (OPAC)

Indian national congress / (Record no. 5199)

MARC details
000 -LEADER
fixed length control field 00410cam a2200169ua 4500
041 ## - LANGUAGE CODE
Language code of text/sound track or separate title mal
082 ## - DEWEY DECIMAL CLASSIFICATION NUMBER
Classification number 320
Item number SAN/IN
100 ## - MAIN ENTRY--AUTHOR NAME
Personal name Sankaran, Moyarath .
245 ## - TITLE STATEMENT
Title Indian national congress /
260 ## - PUBLICATION, DISTRIBUTION, ETC. (IMPRINT)
Place of publication Calicut :
Name of publisher P K Brothers ,
Year of publication 1964.
300 ## - PHYSICAL DESCRIPTION
Number of Pages 437 ; .
942 ## - ADDED ENTRY ELEMENTS (KOHA)
Koha item type Books
Holdings
Withdrawn status Lost status Damaged status Home library Current library Date acquired Full call number Accession Number Koha item type Cost, normal purchase price Public note
Withdrawn     KAUAET KAUAET 07/04/2012 320 8894 Books    
Withdrawn     KAUAET Malayalam University 15/11/2023 320 SAN/IN 8898 Books 6.00 Transferred to Malayalam University
free website counter